National Anthem of Taiwan - 中華民國國歌 - Statistics

General Stats
  • This quiz has been taken 12 times
  • The average score is 25 of 39
Answer Stats
Lyrics % Correct
90%
guànchè
80%
mín
80%
Sānmín
80%
shĭzhōng!
80%
tóng.
80%
xīn
80%
80%
80%
80%
80%
Zhŭyì
80%
zhŭyì
80%
70%
jiàn
70%
shì,
70%
shì
70%
Shĭ
70%
shĭ
70%
xìn
70%
zhōng;
70%
jìn
60%
Mínguó
60%
suŏ
60%
wúdăng
60%
50%
50%
duō
50%
fĕi
50%
50%
wéi
50%
xiè,
50%
50%
yŏng,
50%
zōng
50%
cóng.
40%
qiánfēng;
40%
qín
40%
Zī'ĕr
40%
No matching quizzes found
Score Distribution
Percent of People with Each Score
Percentile by Number Answered
Your Score History
You have not taken this quiz